000 00393nam a22001697a 4500
005 20160520151357.0
008 160520b xxu||||| |||| 00| 0 eng d
020 _a81-7409035-5
041 _aeng
082 _b3599
100 _aMubeen A & Mubeen F
_9889
245 _aMaterial Science
260 _bKhanna Publishing
300 _a720
650 _aDIPLOMA ENGINEERING
_9817
942 _cBK
999 _c1222
_d1222